[Event "Chess Olympiad (Women)"]
[Site "Tromso NOR"]
[Date "2014.08.05"]
[EventDate "2014.08.02"]
[Round "4.12"]
[Result "1-0"]
[White "Anna Muzychuk"]
[Black "Betul Cemre Yildiz"]
[WhiteElo "2555"]
[BlackElo "2296"]
[PlyCount "49"]

1. c4 Nf6 2. Nc3 e6 3. e4 d5 4. e5 d4 5. exf6 dxc3 6. bxc3
Qxf6 7. Nf3 b6 8. d4 Bb7 9. Be2 h6 10. O-O Bd6 11. c5 bxc5
12. Qa4+ Kf8 13. Rb1 Bd5 14. dxc5 Bxc5 15. c4 Be4 16. Rb5 Be7
17. Ne5 Kg8 18. Bb2 a6 19. Rb3 Kh7 20. Bf3 Qf5 21. Re1 Bxf3
22. Rxf3 Qh5 23. Rxf7 Bd6 24. g4 Qg5 25. f4 1-0

[Event "Chess Olympiad (Women)"]
[Site "Tromso NOR"]
[Date "2014.08.06"]
[EventDate "2014.08.02"]
[Round "5.22"]
[Result "0-1"]
[White "Betul Cemre Yildiz"]
[Black "Ketevan Arakhamia-Grant"]
[WhiteElo "2296"]
[BlackElo "2394"]
[PlyCount "62"]

1. Nf3 Nf6 2. d4 c5 3. c4 cxd4 4. Nxd4 e5 5. Nb5 d5 6. cxd5
Bc5 7. N5c3 O-O 8. g3 Qb6 9. e3 Bf5 10. Bg2 e4 11. O-O Nbd7
12. Nd2 Rfe8 13. a3 Rac8 14. h3 Bg6 15. Qa4 Qd8 16. Rd1 Bb6
17. Nc4 Nc5 18. Qb5 Nd3 19. d6 a6 20. Qb3 Ba7 21. a4 Qd7
22. a5 Bf5 23. Nd2 Nc5 24. Qb4 Bxh3 25. Bh1 Bg4 26. Rf1 Qxd6
27. Nb3 Qc7 28. Nd4 h5 29. Bd2 h4 30. Nce2 Nd3 31. Qb3 Bxd4
0-1

[Event "Chess Olympiad (Women)"]
[Site "Tromso NOR"]
[Date "2014.08.08"]
[EventDate "2014.08.02"]
[Round "6.19"]
[Result "0-1"]
[White "Kristyna Havlikova"]
[Black "Betul Cemre Yildiz"]
[WhiteElo "2215"]
[BlackElo "2296"]
[PlyCount "72"]

1. e4 e5 2. Nf3 Nc6 3. Bb5 a6 4. Ba4 Nf6 5. O-O Be7 6. d3 b5
7. Bb3 O-O 8. Re1 h6 9. a4 Bb7 10. Nc3 b4 11. Nd5 Na5
12. Nxe7+ Qxe7 13. Ba2 c5 14. c3 Rfe8 15. Be3 bxc3 16. bxc3 d6
17. Nh4 Bc8 18. Nf5 Bxf5 19. exf5 d5 20. Qf3 Qd6 21. Rab1 Rab8
22. h3 Nc6 23. Qg3 Kh7 24. f3 Ne7 25. Rxb8 Nxf5 26. Qf2 Qxb8
27. Bxc5 Qc8 28. Bb1 d4 29. cxd4 exd4 30. Rxe8 Nxe8 31. Ba3
Qc3 32. Bb2 Qb4 33. Ba2 Ned6 34. Kh2 Ne3 35. Bc1 Qxa4 36. Bb1
Qd1 0-1

[Event "Chess Olympiad (Women)"]
[Site "Tromso NOR"]
[Date "2014.08.09"]
[EventDate "2014.08.02"]
[Round "7.15"]
[Result "1/2-1/2"]
[White "Betul Cemre Yildiz"]
[Black "Elisabeth Paehtz"]
[WhiteElo "2296"]
[BlackElo "2464"]
[PlyCount "92"]

1. Nf3 e6 2. d4 c5 3. c4 Nf6 4. g3 d5 5. cxd5 exd5 6. Bg2 Nc6
7. O-O Be7 8. dxc5 Bxc5 9. Nbd2 O-O 10. Nb3 Bb6 11. Nbd4 Re8
12. e3 Ne4 13. b3 Bg4 14. Nxc6 bxc6 15. Qc2 Bxf3 16. Bxf3 Qf6
17. Bxe4 Rxe4 18. Bb2 Qe6 19. Rac1 Rc8 20. Qd3 h5 21. b4 h4
22. Bd4 h3 23. Rc3 Bxd4 24. exd4 Re8 25. b5 cxb5 26. Qxb5 Rxd4
27. Re3 Re4 28. Rfe1 f5 29. Qc5 a6 30. Rxe4 fxe4 31. Qd4 Qf5
32. Kf1 Kh8 33. Re3 Kh7 34. Rc3 Re6 35. Rc7 Rf6 36. Rc5 Rd6
37. Rc7 Qf6 38. Qxf6 Rxf6 39. Rd7 Rf5 40. Ke2 a5 41. g4 Rg5
42. Ke3 Rxg4 43. Rxd5 Kh6 44. Rd8 Kh7 45. Rd5 Kh6 46. Rd8 Kh7
1/2-1/2

[Event "Chess Olympiad (Women)"]
[Site "Tromso NOR"]
[Date "2014.08.10"]
[EventDate "2014.08.02"]
[Round "8.2"]
[Result "1/2-1/2"]
[White "Betul Cemre Yildiz"]
[Black "Sheila Barth Berntsen Sahl"]
[WhiteElo "2296"]
[BlackElo "2216"]
[PlyCount "62"]

1. e4 c5 2. Nf3 d6 3. d4 cxd4 4. Nxd4 Nf6 5. f3 e5 6. Nb3 a5
7. Bb5+ Nc6 8. Nc3 Be7 9. Be3 Be6 10. O-O O-O 11. Qd2 d5
12. exd5 Nxd5 13. Nxd5 Qxd5 14. Qxd5 Bxd5 15. Rfd1 Bxb3
16. axb3 Nd4 17. Bd3 b6 18. f4 Rac8 19. Bxd4 exd4 20. Re1 Bb4
21. Re4 Rfe8 22. Kf2 Rxe4 23. Bxe4 Re8 24. Kf3 g6 25. g4 Kg7
26. Rg1 h6 27. Rd1 Bc5 28. Rd2 Re7 29. Rd1 Re8 30. Rd2 Re7
31. Rd1 Re8 1/2-1/2

[Event "Chess Olympiad (Women)"]
[Site "Tromso NOR"]
[Date "2014.08.11"]
[EventDate "2014.08.02"]
[Round "9.30"]
[Result "0-1"]
[White "Ivette Ale Garcia Morales"]
[Black "Betul Cemre Yildiz"]
[WhiteElo "2113"]
[BlackElo "2296"]
[PlyCount "82"]

1. d4 d5 2. Nf3 c5 3. g3 cxd4 4. Bg2 Qa5+ 5. c3 dxc3 6. Nxc3
e6 7. O-O Nf6 8. Bg5 Be7 9. Nd4 h6 10. Bxf6 Bxf6 11. e4 Qb6
12. Nf3 Bxc3 13. bxc3 dxe4 14. Nd2 O-O 15. Nxe4 Nc6 16. Qh5
Qa5 17. Qe2 Qc7 18. Rfd1 Rd8 19. c4 e5 20. Rxd8+ Qxd8 21. Nc5
Qd6 22. Qe3 Rb8 23. Rb1 Nd4 24. Nd3 Bf5 25. c5 Qc7 26. Be4 Be6
27. Rb2 Bc4 28. h4 Bxd3 29. Qxd3 Qxc5 30. Rxb7 Rxb7 31. Bxb7
Qa5 32. a3 h5 33. Kg2 g6 34. Qc4 Qxa3 35. Be4 Qd6 36. Bd5 Qd7
37. f4 Nf5 38. Kf3 exf4 39. Kxf4 Qd6+ 40. Ke4 Qxg3 41. Bxf7+
Kg7 0-1

[Event "Chess Olympiad (Women)"]
[Site "Tromso NOR"]
[Date "2014.08.12"]
[EventDate "2014.08.02"]
[Round "10.25"]
[Result "1/2-1/2"]
[White "Betul Cemre Yildiz"]
[Black "Deborah Richards"]
[WhiteElo "2296"]
[BlackElo "2024"]
[PlyCount "134"]

1. d4 d5 2. Nf3 c6 3. c4 Nf6 4. e3 e6 5. Nbd2 Bd6 6. Bd3 Nbd7
7. O-O O-O 8. e4 dxe4 9. Nxe4 Nxe4 10. Bxe4 Nf6 11. Bc2 c5
12. Bg5 h6 13. Bh4 cxd4 14. Qxd4 Be7 15. Qc3 b6 16. Rad1 Qc7
17. Bg3 Qc5 18. Qd4 Qxd4 19. Nxd4 Bb7 20. Nb5 a6 21. Nd6 Bc6
22. f3 Rfd8 23. Ne4 Nxe4 24. Bxe4 Bc5+ 25. Bf2 Bxf2+ 26. Kxf2
Bxe4 27. fxe4 Kf8 28. Ke3 Ke7 29. Rxd8 Rxd8 30. Rc1 Rc8 31. b4
Rc7 32. e5 a5 33. bxa5 bxa5 34. Rc2 Kd7 35. Kd4 Kc6 36. Rb2
Rd7+ 37. Kc3 Rb7 38. Rd2 Rd7 39. Rf2 Kc5 40. Rb2 Kc6 41. Rb5
Ra7 42. a4 Ra8 43. g4 g6 44. h3 h5 45. gxh5 gxh5 46. Kd4 Rd8+
47. Ke4 Rd1 48. Rxa5 Rh1 49. Ra7 Rxh3 50. Rxf7 Ra3 51. Kd4
Rxa4 52. Re7 Ra1 53. Rxe6+ Kd7 54. Rd6+ Ke7 55. Rh6 Rd1+
56. Ke4 Rc1 57. Kd5 Rd1+ 58. Kc6 Rh1 59. Kd5 Rd1+ 60. Ke4 Rc1
61. Rxh5 Rxc4+ 62. Kd5 Ra4 63. Rh7+ Ke8 64. Ke6 Ra6+ 65. Kf5
Rb6 66. e6 Rb1 67. Kf6 Rf1+ 1/2-1/2

[Event "Chess Olympiad (Women)"]
[Site "Tromso NOR"]
[Date "2014.08.14"]
[EventDate "2014.08.02"]
[Round "11.19"]
[Result "1/2-1/2"]
[White "Sarvinoz Kurbonboeva"]
[Black "Betul Cemre Yildiz"]
[WhiteElo "2228"]
[BlackElo "2296"]
[PlyCount "74"]

1. d4 Nf6 2. c4 e6 3. Nf3 Bb4+ 4. Bd2 a5 5. g3 b6 6. Bg2 Ba6
7. Ne5 Ra7 8. O-O O-O 9. b3 Bxd2 10. Qxd2 d6 11. Nf3 Nbd7
12. Nc3 Qe7 13. Rfe1 d5 14. cxd5 exd5 15. Nh4 Qb4 16. a3 Qxb3
17. Nf5 Ne4 18. Nxe4 dxe4 19. Bxe4 Qe6 20. Qg5 g6 21. Ne7+ Kg7
22. Bd5 Qf6 23. Qxf6+ Nxf6 24. Nc6 Raa8 25. Bf3 Bb7 26. Rac1
Rfe8 27. Kg2 Ne4 28. Ne5 c5 29. Nd7 Rad8 30. dxc5 Rxd7 31. c6
Rc7 32. cxb7 Rxb7 33. a4 b5 34. axb5 Rxb5 35. Rc4 Rbe5 36. Ra1
Nd2 37. Rca4 Nxf3 1/2-1/2

[Event "Dubai Chess Open"]
[Site "Dubai UAE"]
[Date "2015.04.07"]
[EventDate "2015.04.06"]
[Round "2.23"]
[Result "1/2-1/2"]
[White "Betul Cemre Yildiz"]
[Black "Tamas Banusz"]
[WhiteElo "2310"]
[BlackElo "2585"]
[PlyCount "68"]

1. e4 e5 2. Nf3 Nc6 3. d4 exd4 4. Nxd4 Nf6 5. Nxc6 bxc6 6. Bd3
d6 7. O-O Be7 8. b3 O-O 9. Bb2 Nd7 10. Nd2 Bf6 11. Bxf6 Qxf6
12. Qf3 Qh6 13. Nc4 Nc5 14. Rad1 a5 15. Rfe1 Be6 16. a4 Rfe8
17. Ne3 Bd7 18. Nc4 Ne6 19. Qg3 Nf4 20. e5 d5 21. Nd2 f6
22. Nf3 c5 23. exf6 Qxf6 24. Bf1 h6 25. h3 Rab8 26. Nh2 Qg5
27. Qxg5 hxg5 28. Nf3 Rxe1 29. Nxe1 c6 30. Nd3 Nxd3 31. Rxd3
Bf5 32. Rc3 c4 33. g4 Bg6 34. Bg2 Be8 1/2-1/2

[Event "Dubai Chess Open"]
[Site "Dubai UAE"]
[Date "2015.04.08"]
[EventDate "2015.04.06"]
[Round "3.20"]
[Result "1-0"]
[White "Alexander Ipatov"]
[Black "Betul Cemre Yildiz"]
[WhiteElo "2592"]
[BlackElo "2310"]
[PlyCount "39"]

1. d4 d5 2. c4 dxc4 3. e4 b5 4. a4 c6 5. Nc3 b4 6. Nb1 e5
7. Nf3 Bg4 8. Bxc4 Nd7 9. Qb3 Qf6 10. Nxe5 Nxe5 11. dxe5 Qg6
12. O-O Nh6 13. h3 Bd7 14. Qe3 Be7 15. f4 f5 16. exf6 Bxf6
17. f5 Qh5 18. Nd2 Nf7 19. Bxf7+ Qxf7 20. e5 1-0

[Event "Dubai Chess Open"]
[Site "Dubai UAE"]
[Date "2015.04.11"]
[EventDate "2015.04.06"]
[Round "5.27"]
[Result "1-0"]
[White "Nico Georgiadis"]
[Black "Betul Cemre Yildiz"]
[WhiteElo "2468"]
[BlackElo "2310"]
[PlyCount "59"]

1. e4 e5 2. Nf3 Nc6 3. Bb5 a6 4. Ba4 Nf6 5. O-O Bc5 6. c3 b5
7. Bb3 d6 8. d4 Bb6 9. a4 Rb8 10. Na3 exd4 11. axb5 axb5
12. cxd4 Bg4 13. Nxb5 O-O 14. Bc2 Re8 15. Re1 Bxf3 16. gxf3 d5
17. e5 Nh5 18. Kh1 Qh4 19. Be3 Ba5 20. Rg1 Rxb5 21. Qd3 Rxb2
22. Qxh7+ Kf8 23. Rxg7 Ng3+ 24. Rxg3 Qxh7 25. Bxh7 Ke7 26. Rc1
Nb4 27. Bf5 Rh8 28. Bg5+ Kf8 29. Bf6 Rh5 30. Rcg1 1-0

[Event "Dubai Chess Open"]
[Site "Dubai UAE"]
[Date "2015.04.12"]
[EventDate "2015.04.06"]
[Round "7.27"]
[Result "1/2-1/2"]
[White "Mohamed Ezat"]
[Black "Betul Cemre Yildiz"]
[WhiteElo "2479"]
[BlackElo "2311"]
[PlyCount "77"]

1. d4 d5 2. c4 e6 3. Nc3 Nf6 4. cxd5 exd5 5. Bg5 Be7 6. e3
Nbd7 7. Bd3 c6 8. Qc2 O-O 9. Nf3 Re8 10. O-O Nf8 11. Rae1 Be6
12. Ne5 N6d7 13. Bxe7 Rxe7 14. f4 f6 15. Nf3 Qc7 16. g4 Nb6
17. f5 Bd7 18. g5 Rae8 19. gxf6 gxf6 20. Kh1 Rg7 21. e4 dxe4
22. Nxe4 Nd5 23. Bc4 Qd8 24. Nd6 Rxe1 25. Rxe1 Qb8 26. Ne4 Kh8
27. Bxd5 cxd5 28. Nxf6 Qf4 29. Qe2 Bb5 30. Qf2 Qxf5 31. Ne8
Bxe8 32. Rxe8 Rf7 33. Kg2 Rg7+ 34. Kh1 Rf7 35. Kg2 Rg7+
36. Kf1 Rf7 37. Kg2 Rg7+ 38. Kf1 Rf7 39. Ke1 1/2-1/2

[Event "Dubai Chess Open"]
[Site "Dubai UAE"]
[Date "2015.04.13"]
[EventDate "2015.04.06"]
[Round "8.23"]
[Result "1-0"]
[White "Mihajlo Stojanovic"]
[Black "Betul Cemre Yildiz"]
[WhiteElo "2558"]
[BlackElo "2311"]
[PlyCount "37"]

1. e4 e5 2. Nf3 Nc6 3. Nc3 Nf6 4. d4 exd4 5. Nxd4 Bb4 6. Nxc6
bxc6 7. Bd3 O-O 8. O-O Re8 9. Bg5 h6 10. Bh4 g5 11. Bg3 Bxc3
12. bxc3 Nxe4 13. Qh5 Kg7 14. Bxe4 Rxe4 15. f4 f6 16. Rae1 d5
17. Rxe4 dxe4 18. fxg5 hxg5 19. Be5 1-0

[Event "Dubai Chess Open"]
[Site "Dubai UAE"]
[Date "2015.04.14"]
[EventDate "2015.04.06"]
[Round "9.35"]
[Result "1-0"]
[White "Betul Cemre Yildiz"]
[Black "Aravind L N Ram"]
[WhiteElo "2311"]
[BlackElo "2109"]
[PlyCount "77"]

1. e4 c5 2. Nf3 e6 3. d4 cxd4 4. Nxd4 a6 5. c4 Nf6 6. Nc3 Qc7
7. a3 Be7 8. Be2 b6 9. Be3 Bb7 10. f3 d6 11. O-O O-O 12. Rc1
Nbd7 13. Qd2 Rfe8 14. Rfd1 Rac8 15. b4 Qb8 16. Kh1 Bd8 17. Bg1
Bc7 18. Qa2 h5 19. Bf1 Qa8 20. Na4 h4 21. h3 Nh5 22. Bf2 Ng3+
23. Kg1 d5 24. exd5 exd5 25. c5 Bf4 26. Rc2 b5 27. Nc3 Be3
28. a4 Bxf2+ 29. Rxf2 Nxc5 30. bxc5 b4 31. Nce2 Nxf1 32. Rfxf1
Rxc5 33. Qb2 a5 34. Nf5 f6 35. Rfe1 d4 36. Nexd4 Rce5 37. Rxe5
fxe5 38. Nb5 Bxf3 39. Qb3+ 1-0

[Event "European Individual Women's Championship"]
[Site "Chakvi GEO"]
[Date "2015.05.19"]
[EventDate "2015.05.19"]
[Round "1.43"]
[Result "1/2-1/2"]
[White "Betul Cemre Yildiz"]
[Black "Narmin Soyunlu"]
[WhiteElo "2315"]
[BlackElo "1891"]
[PlyCount "81"]

1. e4 e6 2. d4 d5 3. Nd2 Nf6 4. e5 Nfd7 5. Bd3 c5 6. c3 Nc6
7. Ne2 cxd4 8. cxd4 f6 9. exf6 Nxf6 10. Nf3 Bd6 11. O-O Qc7
12. Nc3 a6 13. Bd2 O-O 14. Rc1 Bd7 15. Re1 Rae8 16. Na4 Qb8
17. Nc5 e5 18. Nxd7 Nxd7 19. Qb3 Nf6 20. dxe5 Nxe5 21. Nxe5
Bxe5 22. g3 Bd4 23. Kg2 Bxf2 24. Rxe8 Qxe8 25. Qxb7 Qh5
26. Bf4 Bd4 27. Rc8 Ne8 28. h3 a5 29. Rd8 Nf6 30. Qa8 Qf7
31. Rxf8+ Qxf8 32. Qb7 Qf7 33. Qc8+ Qf8 34. Qc2 h6 35. b3 Qe8
36. Qd2 Bb6 37. Bc2 Qe6 38. Bd3 Qe8 39. Qe2 Qf8 40. g4 Qc5
41. Qf1 1/2-1/2

[Event "European Individual Women's Championship"]
[Site "Chakvi GEO"]
[Date "2015.05.20"]
[EventDate "?"]
[Round "2.30"]
[Result "0-1"]
[White "Khanim Balajayeva"]
[Black "Betul Cemre Yildiz"]
[WhiteElo "2130"]
[BlackElo "2315"]
[PlyCount "104"]

1. e4 e5 2. Nf3 Nc6 3. Bc4 Nf6 4. d3 Be7 5. c3 O-O 6. O-O d6
7. Nbd2 Na5 8. a4 Nxc4 9. Nxc4 Re8 10. Re1 Bf8 11. Qb3 c6
12. a5 h6 13. h3 Qc7 14. Bd2 Be6 15. Qc2 Nd7 16. Ne3 d5 17. c4
d4 18. Nf5 Bxf5 19. exf5 Nf6 20. b4 Rad8 21. Qb1 Bd6 22. c5
Bf8 23. a6 Rb8 24. axb7 Rxb7 25. Qc2 Nd5 26. Qc4 Qb8 27. Ra4
Rb5 28. Rea1 Re7 29. Ne1 Rbb7 30. Nc2 Qc8 31. Ra6 Rec7 32. g4
h5 33. Re1 Re7 34. Na3 Nxb4 35. Bxb4 Rxb4 36. Qxb4 Qxa6
37. Nc4 Rb7 38. Qd2 f6 39. f4 Bxc5 40. fxe5 Bb4 41. Qe2 Bxe1
42. exf6 Bb4 43. Qe6+ Rf7 44. Ne5 Qb7 45. fxg7 Bd2 46. Kg2 c5+
47. Kg3 h4+ 48. Kh2 Bf4+ 49. Kg1 Be3+ 50. Kh2 Qb2+ 51. Kh1
Qc1+ 52. Kg2 Qg1+ 0-1

[Event "European Individual Women's Championship"]
[Site "Chakvi GEO"]
[Date "2015.05.21"]
[EventDate "2015.05.19"]
[Round "3.12"]
[Result "0-1"]
[White "Betul Cemre Yildiz"]
[Black "Ekaterina Kovalevskaya"]
[WhiteElo "2315"]
[BlackElo "2450"]
[PlyCount "52"]

1. e4 c5 2. c3 d5 3. exd5 Qxd5 4. d4 Nc6 5. Nf3 cxd4 6. cxd4
e6 7. Bd3 Nf6 8. O-O Be7 9. Nc3 Qd8 10. a3 O-O 11. Be3 b6
12. Qe2 Bb7 13. Rad1 Rc8 14. Bb1 Na5 15. Qd3 Bxf3 16. gxf3 Nc4
17. Bc1 g6 18. Ba2 Nd6 19. d5 e5 20. Qe2 Nh5 21. Qxe5 Bf6
22. Qe2 Re8 23. Ne4 Be5 24. Bg5 Qd7 25. Be3 Qh3 26. Ng3 Nf5
0-1

[Event "European Individual Women's Championship"]
[Site "Chakvi GEO"]
[Date "2015.05.22"]
[EventDate "2015.05.19"]
[Round "4.21"]
[Result "1/2-1/2"]
[White "Elisabeth Paehtz"]
[Black "Betul Cemre Yildiz"]
[WhiteElo "2473"]
[BlackElo "2315"]
[PlyCount "83"]

1. e4 e5 2. Nc3 Nf6 3. g3 d5 4. exd5 Nxd5 5. Bg2 Nxc3 6. bxc3
Bc5 7. Nf3 Nc6 8. O-O O-O 9. Re1 Qf6 10. Rb1 Bg4 11. h3 Bh5
12. d3 Bb6 13. Ba3 Rfe8 14. g4 Bg6 15. Qe2 e4 16. d4 Ne7
17. Bxe7 Rxe7 18. Nd2 c5 19. d5 Qxc3 20. Nxe4 Bxe4 21. Bxe4
Rae8 22. Qd3 Qxd3 23. cxd3 g6 24. Kf1 Rd8 25. Rec1 Rd6 26. Rc4
Kg7 27. a4 Rf6 28. Rb5 a6 29. Rb2 h6 30. Rc3 Ba7 31. a5 b5
32. axb6 Bxb6 33. Ra3 Bc7 34. Rb7 a5 35. Rxa5 Rxe4 36. Rxc7
Ref4 37. Ra2 Rd4 38. Rxc5 Rxd3 39. Kg2 Rd6 40. Raa5 Rf6
41. Rc6 Rxd5 42. Rxd5 1/2-1/2

[Event "European Individual Women's Championship"]
[Site "Chakvi GEO"]
[Date "2015.05.23"]
[EventDate "2015.05.19"]
[Round "5.28"]
[Result "1-0"]
[White "Betul Cemre Yildiz"]
[Black "Meri Zhorzholiani"]
[WhiteElo "2315"]
[BlackElo "2071"]
[PlyCount "109"]

1. e4 e6 2. d4 d5 3. Nd2 c5 4. exd5 exd5 5. Bb5+ Nc6 6. Ne2 c4
7. b3 cxb3 8. axb3 Bd6 9. O-O Ne7 10. Re1 O-O 11. Nf1 a6
12. c3 Bf5 13. Bd3 Bxd3 14. Qxd3 Rc8 15. Bd2 Qd7 16. Nfg3 Rfe8
17. Qf3 Nd8 18. Nc1 Ne6 19. Nh5 Ng6 20. Nd3 Qd8 21. g3 Bb8
22. Nb4 Ne7 23. Qg4 Ng6 24. f4 a5 25. Nd3 f5 26. Qxf5 Qd7
27. Rxa5 Rcd8 28. Qg4 b6 29. Raa1 Nc5 30. Qxd7 Nxd7 31. Nb4
Ne7 32. g4 Bd6 33. Nd3 g6 34. Ng3 Nc6 35. Rxe8+ Rxe8 36. Ne5
Ndxe5 37. fxe5 Be7 38. Ra6 Bd8 39. b4 Kf7 40. Ne2 Ke6 41. Nf4+
Kd7 42. Nxd5 Kc8 43. Ra1 Rf8 44. Kg2 g5 45. Be3 b5 46. c4 bxc4
47. Rc1 Kd7 48. Rxc4 h6 49. b5 Na5 50. Ra4 Ke6 51. Nc3 Rf7
52. b6 Nb7 53. Rb4 Na5 54. Ne4 Kd5 55. Nd6 1-0

[Event "European Individual Women's Championship"]
[Site "Chakvi GEO"]
[Date "2015.05.24"]
[EventDate "2015.05.19"]
[Round "6.16"]
[Result "1-0"]
[White "Elina Danielian"]
[Black "Betul Cemre Yildiz"]
[WhiteElo "2458"]
[BlackElo "2315"]
[PlyCount "93"]

1. d4 d5 2. c4 e6 3. Nc3 Nf6 4. Bf4 Bd6 5. Bg3 c6 6. e3 Bxg3
7. hxg3 Nbd7 8. Bd3 Qa5 9. Nf3 dxc4 10. Bxc4 c5 11. Kf1 cxd4
12. Nxd4 a6 13. Rc1 Ne5 14. Be2 Bd7 15. g4 Nc6 16. Nb3 Qe5
17. Qd2 g5 18. f4 gxf4 19. exf4 Qc7 20. g5 Nd5 21. Nxd5 exd5
22. Qe3+ Kf8 23. g3 Qd6 24. Rh6 Qe7 25. Qc3 Kg8 26. Bd3 Re8
27. Re1 Qxe1+ 28. Qxe1 Rxe1+ 29. Kxe1 Kg7 30. Kd2 Bg4 31. Nc5
Nb4 32. Rb6 Nxd3 33. Kxd3 Re8 34. Rxb7 a5 35. Nb3 Be2+ 36. Kd2
Bc4 37. Nxa5 Bxa2 38. Nc6 Re4 39. Rd7 Bc4 40. Ne5 Re2+ 41. Kc3
Re3+ 42. Kd4 Rxg3 43. Rxf7+ Kg8 44. Rb7 Rg1 45. f5 Rxg5 46. f6
h5 47. Rb8+ 1-0

[Event "European Individual Women's Championship"]
[Site "Chakvi GEO"]
[Date "2015.05.25"]
[EventDate "2015.05.19"]
[Round "7.28"]
[Result "1/2-1/2"]
[White "Betul Cemre Yildiz"]
[Black "Aydan Hojjatova"]
[WhiteElo "2315"]
[BlackElo "2168"]
[PlyCount "104"]

1. d4 Nf6 2. Nf3 e6 3. c4 d5 4. e3 c5 5. cxd5 exd5 6. Bb5+ Nc6
7. O-O Bd6 8. dxc5 Bxc5 9. b3 O-O 10. Bb2 Be6 11. Nc3 Qe7
12. Rc1 Rac8 13. Ne2 Ne4 14. Nf4 Rfd8 15. Nd4 Nxd4 16. Bxd4 a6
17. Be2 Bxd4 18. Qxd4 Qf6 19. Qb6 Nc3 20. Bf3 Qe7 21. Qd4 Qc5
22. Qxc5 Rxc5 23. Rc2 g5 24. Nd3 Rc7 25. g4 f6 26. Kg2 Rdc8
27. Rfc1 Kf7 28. h3 Ke7 29. Rd2 Ne4 30. Rxc7+ Rxc7 31. Rb2 Kd6
32. Nb4 Nc3 33. Nc2 Bd7 34. Nd4 Ke5 35. Rc2 Nb5 36. Rd2 Nxd4
37. Rxd4 Be6 38. Rb4 b5 39. a4 Kd6 40. axb5 Kc5 41. Ra4 axb5
42. Ra6 Re7 43. Be2 f5 44. Ra5 Rb7 45. Ra6 Bd7 46. Rh6 fxg4
47. hxg4 Bc8 48. Rh5 Rg7 49. Kg3 Kb4 50. Rh6 Bd7 51. Rb6 Rf7
52. Bd3 d4 1/2-1/2

[Event "European Individual Women's Championship"]
[Site "Chakvi GEO"]
[Date "2015.05.27"]
[EventDate "2015.05.19"]
[Round "8.26"]
[Result "0-1"]
[White "Oliwia Kiolbasa"]
[Black "Betul Cemre Yildiz"]
[WhiteElo "2223"]
[BlackElo "2315"]
[PlyCount "112"]

1. e4 e5 2. Nf3 Nc6 3. Bc4 Nf6 4. d3 Be7 5. O-O O-O 6. Re1 d6
7. a4 Na5 8. Ba2 c5 9. Nc3 Nc6 10. Bg5 Be6 11. Bxf6 Bxf6
12. Nd5 g6 13. c3 Bg7 14. Qb1 Kh8 15. b4 cxb4 16. cxb4 Bg4
17. b5 Bxf3 18. bxc6 bxc6 19. Ne3 Bh5 20. Qc2 Qd7 21. Rec1 c5
22. Bd5 Rab8 23. Rab1 Bh6 24. Qc4 Kg7 25. h3 Bxe3 26. fxe3 f5
27. Rxb8 Rxb8 28. exf5 gxf5 29. Be6 Qe7 30. Rf1 Rb4 31. Qd5 f4
32. exf4 Rd4 33. Qa2 Rxf4 34. Rxf4 exf4 35. Qd5 Bg6 36. Bg4
Qe3+ 37. Kh1 Qxd3 38. Qb7+ Kf6 39. Qc8 Bf7 40. Qd8+ Kg6
41. Qe7 Qd5 42. Qxa7 c4 43. Qf2 Qe5 44. Qc2+ Kg7 45. Be2 c3
46. Bd3 Bg6 47. Bxg6 hxg6 48. Qa2 f3 49. Qf2 fxg2+ 50. Kxg2
Qe4+ 51. Kg3 c2 52. Qd2 Qe5+ 53. Kg4 Qc5 54. Qc1 Qd4+ 55. Kg5
Qd5+ 56. Kg4 Qd1+ 0-1

[Event "European Individual Women's Championship"]
[Site "Chakvi GEO"]
[Date "2015.05.28"]
[EventDate "2015.05.19"]
[Round "9.18"]
[Result "1/2-1/2"]
[White "Betul Cemre Yildiz"]
[Black "Ekaterina Polovnikova-Atalik"]
[WhiteElo "2315"]
[BlackElo "2392"]
[PlyCount "83"]

1. e4 g6 2. d4 Bg7 3. Nf3 d6 4. g3 Nf6 5. Nc3 O-O 6. Bg2 Bg4
7. Be3 Nc6 8. h3 Bxf3 9. Bxf3 e5 10. d5 Ne7 11. g4 c6 12. g5
Ne8 13. Qd2 cxd5 14. Nxd5 Nxd5 15. Qxd5 Nc7 16. Qd2 Qe7
17. O-O-O Rfd8 18. Bg2 Ne6 19. h4 b5 20. Qa5 a6 21. Rd2 Rdc8
22. Bh3 Rc6 23. Kb1 Rb8 24. Rhd1 Bf8 25. f3 Qe8 26. Rh2 Rc4
27. Bxe6 Qxe6 28. Qd2 Rbc8 29. Qd5 Qxd5 30. Rxd5 Be7 31. h5
R8c7 32. Rd1 Bf8 33. Bb6 Rd7 34. Be3 Be7 35. Rdh1 Bd8 36. Rd1
Kf8 37. Rd3 Rc6 38. Bd2 Kg8 39. Be3 Be7 40. Rd1 Bf8 41. Rd5
Rc4 42. Rd1 1/2-1/2

[Event "European Individual Women's Championship"]
[Site "Chakvi GEO"]
[Date "2015.05.29"]
[EventDate "2015.05.19"]
[Round "10.17"]
[Result "1/2-1/2"]
[White "Deimante Cornette"]
[Black "Betul Cemre Yildiz"]
[WhiteElo "2402"]
[BlackElo "2315"]
[PlyCount "235"]

1. e4 e5 2. Nf3 Nc6 3. Bc4 Nf6 4. d3 Be7 5. O-O d6 6. a4 Na5
7. Ba2 c5 8. Ng5 O-O 9. f4 exf4 10. Bxf4 Nc6 11. Nc3 h6
12. Nf3 Be6 13. Nd5 Bxd5 14. exd5 Nb4 15. c4 Nxa2 16. Rxa2 Qd7
17. a5 b5 18. b3 bxc4 19. bxc4 Rab8 20. Qc2 Nh5 21. Be3 Bf6
22. d4 Rfe8 23. Qd3 Qg4 24. dxc5 dxc5 25. h3 Nf4 26. hxg4 Nxd3
27. g5 Bb2 28. Bd2 hxg5 29. Nxg5 Bd4+ 30. Kh2 Re2 31. Nf3 Ne5
32. Nxd4 cxd4 33. c5 Rc8 34. c6 Nc4 35. Rc1 Nd6 36. Re1 Rf2
37. Re7 Rf5 38. Rxa7 Rxd5 39. Rd7 Rxc6 40. a6 Rh5+ 41. Kg1 Nb5
42. a7 Nxa7 43. Raxa7 Rf5 44. Rxd4 Rcc5 45. Rad7 Rb5 46. Rd3
Rbc5 47. Bc3 Rb5 48. Bd2 Rbc5 49. g4 Rfe5 50. Rd8+ Kh7
51. Rh3+ Kg6 52. Rg8 f6 53. Rd8 Rcd5 54. Rxd5 Rxd5 55. Be3 Rd3
56. Kf2 f5 57. Rg3 fxg4 58. Rxg4+ Kf7 59. Bd4 g6 60. Rf4+ Ke6
61. Rf6+ Ke7 62. Rf4 Ke6 63. Ke2 Rb3 64. Rf6+ Kd5 65. Bf2 Rb2+
66. Kf3 Rb3+ 67. Kg2 Ke4 68. Rxg6 Rd3 69. Kf1 Rb3 70. Rg4+ Kd3
71. Rd4+ Kc3 72. Rd8 Rb1+ 73. Ke2 Rb2+ 74. Ke3 Kc4 75. Bh4 Rb6
76. Rd4+ Kb5 77. Ke4 Rc6 78. Kd3 Re6 79. Bf2 Rf6 80. Be3 Re6
81. Rd8 Kc6 82. Bd4 Rd6 83. Rb8 Re6 84. Kc4 Rd6 85. Bc5 Re6
86. Rb6+ Kd7 87. Rb7+ Kc6 88. Rh7 Re4+ 89. Bd4 Re6 90. Ra7 Kd6
91. Ra5 Kc6 92. Be5 Kb6 93. Rb5+ Kc6 94. Rc5+ Kb6 95. Bc7+ Kb7
96. Kd5 Rh6 97. Be5 Ra6 98. Bd6 Kb6 99. Rc8 Ra5+ 100. Bc5+ Kb7
101. Rh8 Kc7 102. Rh7+ Kd8 103. Rg7 Ra1 104. Ke6 Re1+ 105. Kd6
Rd1+ 106. Kc6 Ke8 107. Re7+ Kd8 108. Re2 Rc1 109. Rd2+ Kc8
110. Rh2 Rd1 111. Ra2 Rb1 112. Ra8+ Rb8 113. Ra7 Rb1 114. Rf7
Rd1 115. Ra7 Rb1 116. Rc7+ Kd8 117. Rf7 Re1 118. Rf2 1/2-1/2

[Event "European Individual Women's Championship"]
[Site "Chakvi GEO"]
[Date "2015.05.30"]
[EventDate "2015.05.19"]
[Round "11.16"]
[Result "1/2-1/2"]
[White "Betul Cemre Yildiz"]
[Black "Meri Arabidze"]
[WhiteElo "2315"]
[BlackElo "2403"]
[PlyCount "130"]

1. e4 c5 2. Nf3 e6 3. d4 cxd4 4. Nxd4 a6 5. c4 Nf6 6. Nc3 Qc7
7. a3 b6 8. Be3 Bb7 9. f3 Be7 10. Be2 O-O 11. O-O d6 12. Qd2
Nbd7 13. Rfc1 Rac8 14. a4 Qb8 15. a5 bxa5 16. Rxa5 Bd8 17. Ra3
Ne5 18. Na2 d5 19. exd5 exd5 20. c5 Bc7 21. g3 Rcd8 22. b3 a5
23. Nc3 Nc6 24. Bf1 Rfe8 25. Ncb5 Be5 26. Nxc6 Bxc6 27. Nd4
Ba8 28. Rxa5 h5 29. Rca1 Bb7 30. Rb5 Qc8 31. b4 h4 32. g4 Ba6
33. Rba5 Bc4 34. Bf4 Nxg4 35. Bxe5 Nxe5 36. Qg5 Bxf1 37. Rxf1
g6 38. Qxh4 Nc4 39. Ra2 Kg7 40. Qg3 Re5 41. Re1 Rde8 42. Rae2
f6 43. h4 Qb8 44. Rxe5 Nxe5 45. Rb1 Qa7 46. Qf2 Qa3 47. Kg2
Ra8 48. c6 Qd3 49. Rc1 Nc4 50. Ne6+ Kf7 51. Nc5 Qa3 52. Rb1
Qc3 53. Kh2 Ne5 54. Rb3 Qc1 55. Nd3 Qxc6 56. Nxe5+ fxe5 57. b5
Qc4 58. Rb2 Rh8 59. b6 Rxh4+ 60. Kg2 Qf4 61. Qxh4 Qxh4 62. b7
Qg5+ 63. Kf2 Qh4+ 64. Kg2 Qg5+ 65. Kf2 Qh4+ 1/2-1/2